000 00697nam a2200193 i 4500
001 95077
003 ES-MaACL
005 20230906181629.0
007 t|
008 050523s1917 sp ||||1| spa d
100 1 _aLuna Nogueras, Rafael.
_974774
245 1 0 _aDiscurso leido en la... inauguración del curso de 1917 a 1918... / Rafael Luna Nogueras.
260 _aValladolid :
_b[s.n.],
_c1917 (
_fTalleres Tipográficos "Cuesta")
300 _a90 p. ;
_c24 cm.
500 _aTema: Fijación industrial del nitrógeno atmosférico.
594 _aPrecede al tít.: Universidad Literaria de Valladolid.
710 2 _aUniversidad Literaria de Valladolid.
_97394
852 _aES-MaACL
_j1596-F-16
999 _c95077
_d95077